000 00701nam a22002172 4500
001 0000011706
005 20151217155846.0
008 090105s xx 000 0 eng d
040 _aKABU
_cKABU
110 2 _aKenya, Colony and Protectorate.
_bLegal Department.
_@0000167683
245 1 0 _aReport on native tribunals /
_cArthur Phillips.
250 _a1st ed.
260 _aNairobi :
_bGovernment Printer,
_c1945.
300 _aiv, 360 p.
650 0 _aCivil procedure
_zKenya.
_@0000160098
650 0 _aCustomary law
_zKenya.
_@0000161214
700 1 _aPhillips, Arthur.
_@0000167684
852 1 _9p500 KES
908 _a090105
950 _@1
999 _c13347
_d13347